Patria mía

Uloženo v:
Podrobná bibliografie
Hlavní autor: Pound, Ezra (Autor)
Médium: Kniha
Jazyk:španělština
Vydáno: Barcelona Tusquets 1985
Vydání:2a. ed
Edice:Cuadernos Marginales, 23
Témata:
Tagy: Přidat tag
Žádné tagy, Buďte první, kdo vytvoří štítek k tomuto záznamu!

MARC

LEADER 00000cam a2200000 a 4500
001 UCV9581
003 CL-VaPUC
008 921203e19850000SP |||||||||||||||||spa|d
020 |a 8472230236 
082 0 4 |a 814  |b POU  |2 21 
100 0 |a Pound, Ezra  |e author  |9 303603 
245 1 0 |a Patria mía 
250 |a 2a. ed 
300 |a 75 p 
942 |c BK 
945 |d 19921203 00:00:00 
260 |a Barcelona  |b Tusquets  |c 1985 
650 0 |a Ensayos estadounidenses  |9 268384 
583 |a last modification  |c 20120614 03:21:32  |k Rodrigo Vera 
490 0 |a Cuadernos Marginales, 23 
999 |c 214893  |d 214891 
952 |0 0  |1 0  |4 0  |6 814_000000000000000_POU_1985  |7 0  |8 A  |9 198718  |a BIBARQ  |b BIBARQ  |d 2019-11-14  |i 4855280  |o 814 POU 1985  |p 4855280  |r 2025-01-20  |w 2019-11-14  |y BK  |k ARQ